Ethnographic atlas of Ifugao : a study of environment, culture, and society in Northern Luzon /

Bibliographic Details
Main Author: Conklin, Harold C.
Corporate Author: American Geographical Society of New York
Other Authors: Lupāih, Puggūwon, Pinther, Miklos
Format: Book
Language:English
Published: New Haven : Yale University Press, 1980.
Subjects:

MARC

Tag First Indicator Second Indicator Subfields
LEADER 00000pam a2200000 a 4500
001 in00000070559
005 20151008061817.0
008 791127s1980 ctuab b 00110 engm
010 |a  79689774  
020 |a 0300025297 :  |c $65.00 (est.) 
035 |a (OCoLC)05801758 
035 |9 AAJ8867AM 
040 |a DLC  |c DLC  |d m.c.  |d TXA  |d UtOrBLW 
043 |a a-ph--- 
049 |a TXAC  |c [1501473] 
050 0 0 |a G2393.I35  |b C6 1980 
082 0 |a 959.9/1 
100 1 |a Conklin, Harold C. 
245 1 0 |a Ethnographic atlas of Ifugao :  |b a study of environment, culture, and society in Northern Luzon /  |c Harold C. Conklin ; with the special assistance of Pugguwon Lupaih ; and Miklos Pinther, cartographer. 
264 1 |a New Haven :  |b Yale University Press,  |c 1980. 
300 |a vii, 116 pages :  |b illustrations (some color) color maps ;  |c 42 x 47 cm. 
336 |a text  |b txt  |2 rdacontent 
337 |a unmediated  |b n  |2 rdamedia 
338 |a volume  |b nc  |2 rdacarrier 
500 |a Scales vary. 
500 |a Published with the cooperation of The American Geographical Society of New York. 
500 |a Includes index. 
504 |a Bibliography: pages 38-39. 
650 0 |a Ethnology  |z Philippines  |z Ifugao  |x Maps. 
650 0 |a Agriculture  |z Philippines  |z Ifugao  |x Maps. 
651 0 |a Ifugao (Philippines)  |x Agriculture  |x Maps. 
651 1 |a Ifugao  |z Philippines  |x Agriculture  |x Maps. 
651 1 |a Ifugao  |z Philippines  |x Ethnology  |x Maps. 
700 1 |a Lupāih, Puggūwon. 
700 1 |a Pinther, Miklos. 
710 2 |a American Geographical Society of New York. 
999 |a MARS 
999 f f |s 926f0243-82e2-308c-9af2-ba56fd6a0062  |i ed63cccc-d43a-3df7-9cce-f86377892580  |t 0 
952 f f |p noncirc  |a Texas A&M University  |b College Station  |c Sterling C. Evans Library  |d Evans: Maps (2nd floor)  |t 0  |e G2393.I35 C6 1980  |f Oversize  |h Library of Congress classification  |i unmediated -- volume  |m A14806060283 
998 f f |a G2393.I35 C6 1980  |t 0  |l Evans: Maps (2nd floor)